Errate die Serie an den Nebencharakteren - Statistiken

Allgemein
  • Dieses Quiz wurde 27 mal gespielt
  • Das Durchschnittsergebnis liegt bei 3 aus 15
Antwortstatistiken
Charaktere Serie % Korrekt
Gunther - Jack - Paolo - Mike - Mona - Emily - Richard Friends
50%
Hizdar - Rose - Theon - Brienne - Robert - Tywin Game of Thrones
38%
Jonathan - Murray - Alexei - Billy - Chrissy - Jim Stranger Things
38%
Ayumi - Ai - Eri - Heiji - Kogoro - Sonoko - Ran Detektiv Conan
23%
Merle - Aaron - Tara - Abraham - Andrea - Shane The Walking Dead
23%
Rafe - Hollis - Topper - Shoupe - Cleo - Ward Outer Banks
19%
Ander - Nadia - Rebekah - Patrick - Cayetana - Guzman Elite
15%
Craig - Cynthia - Stevie - Piama - Lois - Francis Malcolm mittendrin
15%
James - Maria - Angel - Rita - Harry - Brian - Lila Dexter
12%
Jonas - Peter - Lia - Thorsten - Pina - 450er Die Discounter
12%
Tony - Ryan - Ani - Skye - Bryce - Sheri - Justin Tote Mädchen lügen nicht
12%
Bix - Dedra - Kleya - Luthen - Maarva - Syril - Cinta Andor
4%
Ari - Turtle - Josh - Harvey - Mandy - Sloan - Terrence Entourage
4%
Alex - Richard - Miranda - Jo - Amelia - Mark Grey´s Anatomy
0%
Shane - Armond - Rachel - Belinda - Ethan - Lucia - Lochlan The White Lotus
0%
Keine übereinstimmenden Quizze gefunden
Verteilung der Resultate
Anzahl Personen mit jedem Resultat
Perzentil nach korrekt beantworteten Fragen
Ihre Resultats-Entwicklung
Sie haben dieses Quiz noch nicht gespielt